000 00740nam a2200289Ia 4500
005 20260324132708.0
008 008 260324s9999 xx 000 0 eng d
020 _a9781315016085
037 _aEBOOK
040 _aCRL
040 _beng
040 _cCRL
041 _2eng
041 _aeng
084 _qCRL
100 _aLisette Burrows; Doune Macdonald; Jan Wright
_91190272
245 0 _aCritical Inquiry and Problem Solving in Physical Education
245 0 _bWorking with Students in Schools
260 _bTaylor and Francis
260 _c2004
365 _a
365 _b255
856 _uhttp://www.taylorfrancis.com/books/9781315016085
942 _cEBOOK
999 _c1788597
_d1788597